| 000 | 01098nam a2200217Ia 4500 | ||
|---|---|---|---|
| 003 | OSt | ||
| 005 | 20210719172850.0 | ||
| 008 | 210310s1985 ck gr 000 0 spa d | ||
| 040 |
_aCO-JMCR _cCO-JMCR |
||
| 041 | 0 | _aspa | |
| 082 | 0 | 4 |
_a332.6725 / _bC733i _223 |
| 110 | 2 |
_aComisión Nacional de Valores de Colombia _938575 |
|
| 245 | 1 | 0 |
_aInversionistas institucionales : _bel caso colombiano / _cComisión Nacional de Valores de Colombia |
| 260 |
_aBogotá : _bComisión Nacional de Valores de Colombia, _c1985 |
||
| 300 |
_a86 páginas ; _c24 cm. |
||
| 504 | _aBibliografía: página 60 | ||
| 505 | 0 | _aInversionistas institucionales en Colombia: funciones y desarrollo -- El papel de los inversionistas institucionales en el desarrollo del mercado de capitales brasilero -- El papel de los inversionistas institucionales en el desarrollo de los mercados de capitales -- La inversión institucional en el mercado de valores español | |
| 650 | 1 | 4 |
_aSociedades de inversiones _916355 _xInvestigaciones _zColombia |
| 650 | 2 | 4 |
_aInversiones _vEstadísticas _ySiglo XX _zColombia _938576 |
| 942 |
_2ddc _cBK |
||
| 999 |
_c8108 _d8108 |
||